| 000 | 00737nam a2200193Ia 4500 | ||
|---|---|---|---|
| 003 | IN-BaIIA | ||
| 008 | 211028s9999 xx 000 0 eng d | ||
| 040 | _cIIA Library | ||
| 080 |
_a523.9 _bHON-1 |
||
| 100 |
_aHonore, Charles _91404 |
||
| 245 | 0 |
_aLoi du rayonnement thermique solaire _bses principales consequences et tables du soleil. Communication sur la decouverte de faits generaux du domaine de la meteorologie et de l'astronomie physique _cCharles Honore |
|
| 260 |
_aWashington _bCarnegie Institution of Washington _c1896 |
||
| 300 | _a356p. | ||
| 650 | _aAstronomy and Astrophysics Thesaurus | ||
| 650 |
_aSolar Physics _91405 |
||
| 650 |
_aSolar Spectrum-Tables _91406 |
||
| 650 |
_aTables-Solar Spectrum _91407 |
||
| 942 | _cBK | ||
| 999 |
_c650 _d650 |
||